zpět

Detail výsledku týmu

U Dvou dobráků PO, Opava

Datum a čas kvízu

18.5 Celkem bodů Celkový počet nahraných bodů na tomto kvízu bez doplňovacích otázek.
10. Pořadí na kvízu Konečné umístění týmu na tomto kvízu.

Zaznamenané odpovědi

# Otázka Odpověď Body Výsledky
1. Český prezident Miloš Zeman se... Vídeň, šilink (Schilling) 0.5
2. Mezinárodní skupina vědců přiš... Skrillex 1
3. Jak se jmenuje naše významná k... Milan Kundera 0
4. Švédský nábytkářský řetězec IK... začne nabízet pronájem nábytku 0
5. Minulý čtvrtek začalo ve finsk... v ledním hokeji (žen) 0
6. V tomto tématu ověříme vaše zn... Zvěř nehájenou lze lovit po celý rok, zvěř hájená má omezenou dobu lovu. 0
7. Kterým slovem začínajícím na p... kozlice 0
8. Jelen bílý je zvláštní barevno... Žleby, Žehušice, Kopidlno a Janovice 0
9. Kolikaterák je tento jelen? desaterák (nerovný) 0
10. Co v myslivecké mluvě znamená... oči 1